League of Legends - CBLoL 2016 Split1 - Team Rosters Quiz Stats

 Plays Quiz not verified by Sporcle

Challenge
Share
Tweet
Embed
Score 0/40 Timer 10:00
0 Plays Today
Dica Resposta % Correct
paiN GamingKami
93.1%
CNB e-Sports ClubStoneD YoDa
93.1%
INTZ e-SportsRevolta
93.1%
paiN GamingbrTT
89.7%
INTZ e-Sportsyang
86.2%
INTZ e-SportsmicaO
86.2%
paiN GamingMylon
82.8%
paiN GamingSirT
82.8%
INTZ e-Sportstockers
82.8%
KeyD Starstakeshi
79.3%
INTZ e-SportsJockster
79.3%
KaBuM! e-SportsLEP
79.3%
KaBuM! e-SportsMinerva
75.9%
CNB e-Sports Clubpbo
72.4%
KeyD StarsesA
72.4%
CNB e-Sports ClubNappon
69%
Operation KinoProfessor
65.5%
KeyD StarsRobo
62.1%
paiN GamingPicoca
58.6%
KeyD StarsBaiano
58.6%
Dica Resposta % Correct
KaBuM! e-SportsMatsukaze
58.6%
RED CanidsBrucer
55.2%
KaBuM! e-Sportsziriguidun
55.2%
RED CanidsAyel
51.7%
KaBuM! e-SportsTin
51.7%
Operation KinoSkyBart
51.7%
KeyD StarsTurtle
48.3%
g3nerationXTaeYeon
48.3%
Operation KinoZuao
48.3%
CNB e-Sports ClubWos
41.4%
g3nerationXAlocs
41.4%
RED CanidsSacyR
41.4%
Operation KinoGokucp
41.4%
CNB e-Sports ClubAoshi
34.5%
g3nerationXZantins
31%
g3nerationXSkyer
24.1%
RED CanidsEry0n
24.1%
Operation KinoTheusma
24.1%
g3nerationXSnowlz
17.2%
RED CanidsCaos
17.2%

You're not logged in!

Compare scores with friends on all Sporcle quizzes.
OR
Log In

You Might Also Like...

Show Comments

Extras

Top Quizzes Today


Score Distribution

Your Account Isn't Verified!

In order to create a playlist on Sporcle, you need to verify the email address you used during registration. Go to your Sporcle Settings to finish the process.

Report this User

Report this user for behavior that violates our Community Guidelines.

Details: